000 00314nam a22001457a 4500
008 210303b ||||| |||| 00| 0 eng d
020 _a9780205029372
041 _aeng
080 _26th
_a37
082 _a37
100 _a25
101 _aEDU
245 _aWorking in Groups
_cEngleberg, I.N
942 _2udc
_cBK
999 _c55557
_d55557